Catálogo
 En Linea

La Batalla del Verdun. / (Registro nro. 42140)

Detalles MARC
000 -CABECERA
campo de control de longitud fija 00585nam a2200169 a 4500
001 - NÚMERO DE CONTROL
campo de control 000042651
005 - FECHA Y HORA DE LA ÚLTIMA TRANSACCIÓN
campo de control 20201002040312.0
008 - DATOS DE LONGITUD FIJA--INFORMACIÓN GENERAL
campo de control de longitud fija 140203s1966 sp a 000 0 spa d
040 ## - FUENTE DE LA CATALOGACIÓN
Centro catalogador/agencia de origen DO-SdBNP
Lengua de catalogación spa
Centro/agencia transcriptor BNPHU
100 1# - ENTRADA PRINCIPAL--NOMBRE DE PERSONA
Nombre de persona Rodríguez Méndez, José María
9 (RLIN) 69930
245 13 - MENCIÓN DE TÍTULO
Título La Batalla del Verdun. /
Mención de responsabilidad, etc. José María Rodríguez Méndez.
260 ## - PUBLICACIÓN, DISTRIBUCIÓN, ETC.
Lugar de publicación, distribución, etc. Barcelona, :
Nombre del editor, distribuidor, etc. Occitania,
Fecha de publicación, distribución, etc. 1966.
300 ## - DESCRIPCIÓN FÍSICA
Extensión 54 p. :
Otras características físicas il. ;
Dimensiones 21 cm.
490 1# - MENCIÓN DE SERIE
Mención de serie El sombrero de Danton
Designación de volumen o secuencia 14
500 ## - NOTA GENERAL
Nota general Incluye datos biografícos del autor en la solapa de la portada
830 #0 - PUNTO DE ACCESO ADICIONAL DE SERIE-TÍTULO UNIFORME
Título uniforme El sombrero de Danton
Designación de volumen o secuencia 14
9 (RLIN) 69931
Existencias
Estado de retiro Estado de pérdida Restricciones de uso No para préstamo Código de colección Localización permanente Ubicación/localización actual Ubicación en estantería Fecha de adquisición Número de inventario Total de préstamos Signatura topográfica completa Código de barras Fecha visto por última vez Precio válido a partir de Tipo de ítem Koha
      Excluido de préstamo Monografías: Libros y Folletos General General En catalogación 03.02.2014 LF1   42651-10 25.06.2020 25.06.2020 No se presta

Con tecnología Koha